[Event "30th NATO Chess Championship"]
[Site "Berlin"]
[Date "2019.09.17"]
[Round "3.50"]
[White "Tammisto, Janek"]
[Black "Stuhr, Finn"]
[Result "1-0"]
[WhiteElo "1912"]
[BlackElo "1698"]
[PlyCount "97"]
[EventDate "2019.09.16"]
[EventType "team-tourn"]
[EventRounds "7"]
[EventCountry "GER"]
[WhiteTeam "EST"]
[BlackTeam "DEN"]

1. d4 Nf6 2. Nf3 b6 3. Bg5 Bb7 4. e3 e6 5. Bd3 d6 6. O-O Be7 7. Nbd2 Nbd7 8.
Rc1 c5 9. c3 Rc8 10. Bb1 d5 11. h3 Qc7 12. Qc2 Ne4 13. Bxe7 Kxe7 14. Rfe1 f5
15. Nh2 h5 16. f3 Ng3 17. f4 Ba6 18. Ndf3 cxd4 19. Nxd4 Nc5 20. Rcd1 Nce4 21.
Nhf3 Rcg8 22. h4 g6 23. Qb3 Nd6 24. Ne5 Kf6 25. Bd3 Bxd3 26. Rxd3 Nge4 27. Nb5
Nxb5 28. Qxb5 Nc5 29. Rd2 a6 30. Qe2 b5 31. Rc2 Rd8 32. Rec1 Rh7 33. Qe1 Nd7
34. Qg3 Nxe5 35. fxe5+ Qxe5 36. Qg5+ Kf7 37. Qxd8 Qxe3+ 38. Kh1 Qe4 39. Qg5 Kg8
40. b3 f4 41. c4 bxc4 42. bxc4 d4 43. Rb2 Rf7 44. Rb8+ Kg7 45. Qd8 Rf5 46. Qg8+
Kf6 47. Qh8+ Ke7 48. Qd8+ Kf7 49. Qf8# 1-0

[Event "30th NATO Chess Championship"]
[Site "Berlin"]
[Date "2019.09.17"]
[Round "3.51"]
[White "O`Byrne, Daniel"]
[Black "Noviks, Maris"]
[Result "1-0"]
[WhiteElo "1659"]
[BlackElo "1905"]
[PlyCount "91"]
[EventDate "2019.09.16"]
[EventType "team-tourn"]
[EventRounds "7"]
[EventCountry "GER"]
[WhiteTeam "ENG"]
[BlackTeam "LAT"]

1. e4 c5 2. Nf3 Nc6 3. d4 cxd4 4. Nxd4 Nf6 5. Nc3 e5 6. Ndb5 d6 7. Bg5 a6 8.
Na3 Be7 9. Bxf6 Bxf6 10. Nd5 b5 11. c3 O-O 12. Bd3 Bg5 13. O-O Ne7 14. c4 Nxd5
15. cxd5 Bd7 16. Nc2 Qb6 17. Qh5 Bf6 18. Kh1 g6 19. Qh6 Qd8 20. Qe3 Bg5 21. Qe2
Qb6 22. Ne1 Rac8 23. Nf3 Bh6 24. Nd2 Rc7 25. g3 Bh3 26. Rfe1 Rfc8 27. Nb3 Bd7
28. Kg2 Rf8 29. Rf1 Qb7 30. f4 exf4 31. gxf4 Qc8 32. Rf2 Bg4 33. Qd2 Qd7 34.
Nd4 Bg7 35. Qe3 Re8 36. h3 Bxh3+ 37. Kh2 Bg4 38. Rg1 f5 39. Ne6 Rcc8 40. exf5
gxf5 41. Rfg2 Re7 42. Bxf5 Bxf5 43. Rxg7+ Kh8 44. Qd4 Rxg7 45. Rxg7 Rc2+ 46.
Rg2+ 1-0

[Event "30th NATO Chess Championship"]
[Site "Berlin"]
[Date "2019.09.17"]
[Round "3.52"]
[White "Bublys, Vaidotas"]
[Black "Nelder, Allan"]
[Result "0-1"]
[WhiteElo "1863"]
[BlackElo "1645"]
[PlyCount "61"]
[EventDate "2019.09.16"]
[EventType "team-tourn"]
[EventRounds "7"]
[EventCountry "GER"]
[WhiteTeam "LTU"]
[BlackTeam "ENG"]

1. c4 Nf6 2. Nc3 g6 3. g3 Bg7 4. Bg2 d6 5. e3 e5 6. Nge2 c6 7. e4 Be6 8. Qb3
Qc7 9. a4 Nbd7 10. d3 Nc5 11. Qc2 Ng4 12. b4 Nd7 13. h3 Nh6 14. Be3 f5 15. Rb1
Nf6 16. Qb3 O-O 17. O-O Nh5 18. f4 Qd7 19. Kh2 Nf6 20. b5 Nhg4+ 21. hxg4 Nxg4+
22. Kg1 Nxe3 23. Rf3 Nxg2 24. Kxg2 fxe4 25. dxe4 Bg4 26. Re3 Bh3+ 27. Kh2 exf4
28. Nxf4 Bg4 29. c5+ Kh8 30. cxd6 Qxd6 31. Kg2 0-1

[Event "30th NATO Chess Championship"]
[Site "Berlin"]
[Date "2019.09.17"]
[Round "3.53"]
[White "Smit, Jan"]
[Black "Ross, David"]
[Result "0-1"]
[WhiteElo "1808"]
[BlackElo "1599"]
[PlyCount "64"]
[EventDate "2019.09.16"]
[EventType "team-tourn"]
[EventRounds "7"]
[EventCountry "GER"]
[WhiteTeam "NED"]
[BlackTeam "ENG"]

1. d4 Nf6 2. Nf3 e6 3. Bg5 d5 4. Nbd2 h6 5. Bh4 Be7 6. e3 Nbd7 7. Bd3 c5 8. c3
O-O 9. O-O b6 10. Ne5 Bb7 11. f4 Nxe5 12. fxe5 Nd7 13. Bxe7 Qxe7 14. Qh5 Qg5
15. Qh3 f5 16. Rf3 Qg4 17. Raf1 a5 18. Qxg4 fxg4 19. Rxf8+ Rxf8 20. Bb5 Rxf1+
21. Nxf1 Nf8 22. Kf2 Bc8 23. Kg3 h5 24. Kh4 g6 25. Kg5 Kg7 26. Nd2 Nh7+ 27. Kh4
Kh6 28. dxc5 bxc5 29. Nb3 c4 30. Nxa5 Ng5 31. h3 gxh3 32. gxh3 Ne4 0-1

[Event "30th NATO Chess Championship"]
[Site "Berlin"]
[Date "2019.09.17"]
[Round "3.54"]
[White "Sass, Andrew"]
[Black "Ntalabiras, Spyros"]
[Result "0-1"]
[WhiteElo "1551"]
[BlackElo "1806"]
[PlyCount "84"]
[EventDate "2019.09.16"]
[EventType "team-tourn"]
[EventRounds "7"]
[EventCountry "GER"]
[WhiteTeam "CAN"]
[BlackTeam "GRE"]

1. c4 e5 2. Nc3 Nf6 3. e3 Nc6 4. g3 d5 5. cxd5 Nxd5 6. Bg2 Be6 7. Nge2 Be7 8.
O-O O-O 9. d4 Bf6 10. dxe5 Nxc3 11. Nxc3 Bxe5 12. Bd2 Qf6 13. Ne4 Qe7 14. Qc1
f5 15. Nc5 Nd8 16. Nxe6 Qxe6 17. Bb4 Re8 18. Rd1 c6 19. Bf1 Qf6 20. Rb1 Nf7 21.
Bc4 Rad8 22. Qc2 b6 23. Qa4 a5 24. Bc3 Bxc3 25. bxc3 b5 26. Rxd8 Qxd8 27. Bxf7+
Kxf7 28. Qb3+ Kf6 29. Rd1 Qe7 30. c4 b4 31. Qa4 Qc5 32. Qc2 Re6 33. Rd7 Qe5 34.
Rd3 g5 35. Rd8 Rd6 36. Rf8+ Kg6 37. g4 Rf6 38. Rxf6+ Kxf6 39. gxf5 Qxf5 40.
Qxf5+ Kxf5 41. Kg2 a4 42. Kf3 b3 0-1

[Event "30th NATO Chess Championship"]
[Site "Berlin"]
[Date "2019.09.17"]
[Round "3.55"]
[White "Ivbulis, Martins"]
[Black "Ghiacy, Jelani"]
[Result "1-0"]
[WhiteElo "1795"]
[BlackElo "1238"]
[PlyCount "37"]
[EventDate "2019.09.16"]
[EventType "team-tourn"]
[EventRounds "7"]
[EventCountry "GER"]
[WhiteTeam "LAT"]
[BlackTeam "CAN"]

1. d4 d5 2. Nc3 Nf6 3. Bf4 a6 4. e3 Nc6 5. a3 g6 6. h4 Bg7 7. Bd3 e6 8. h5 Ng8
9. hxg6 fxg6 10. Rxh7 Qf6 11. Rxh8 Bxh8 12. Qf3 Kd7 13. Qg3 Nge7 14. Bxc7 Ke8
15. Nf3 Kf8 16. O-O-O Nf5 17. Bxf5 exf5 18. Rh1 Ne7 19. Be5 1-0

[Event "30th NATO Chess Championship"]
[Site "Berlin"]
[Date "2019.09.17"]
[Round "3.56"]
[White "Murray, Brian"]
[Black "Meiers, Gundars"]
[Result "0-1"]
[WhiteElo "1491"]
[BlackElo "1785"]
[PlyCount "66"]
[EventDate "2019.09.16"]
[EventType "team-tourn"]
[EventRounds "7"]
[EventCountry "GER"]
[WhiteTeam "CAN"]
[BlackTeam "LAT"]

1. d4 Nf6 2. Nf3 g6 3. c4 Bg7 4. Nc3 O-O 5. e4 d6 6. Be2 e5 7. O-O Nc6 8. d5
Ne7 9. Bg5 h6 10. Bxf6 Bxf6 11. Qd2 Bg7 12. Rad1 f5 13. exf5 gxf5 14. Nh4 Kh7
15. f4 Bf6 16. Nf3 Ng6 17. fxe5 dxe5 18. c5 Bd7 19. Kh1 Qe8 20. Bc4 b5 21. cxb6
cxb6 22. d6 e4 23. Nd5 exf3 24. Nxf6+ Rxf6 25. Rxf3 Qf8 26. Rd3 Re8 27. Re1 Ne5
28. Rd4 Nxc4 29. Re7+ Rf7 30. Rxc4 Rfxe7 31. dxe7 Qxe7 32. h3 Bb5 33. Rd4 Qe1+
0-1

[Event "30th NATO Chess Championship"]
[Site "Berlin"]
[Date "2019.09.17"]
[Round "3.57"]
[White "Landry-Girard, Simon"]
[Black "Rosseel, Kimball"]
[Result "0-1"]
[WhiteElo "1096"]
[BlackElo "1759"]
[PlyCount "78"]
[EventDate "2019.09.16"]
[EventType "team-tourn"]
[EventRounds "7"]
[EventCountry "GER"]
[WhiteTeam "CAN"]
[BlackTeam "BEL"]

1. e4 e6 2. d4 d5 3. e5 c5 4. c3 Nc6 5. Nf3 Nh6 6. Bxh6 gxh6 7. Bb5 a6 8. Bxc6+
bxc6 9. O-O Qb6 10. b3 Bg7 11. Nbd2 cxd4 12. cxd4 O-O 13. Rc1 Bd7 14. Re1 Rac8
15. Nf1 c5 16. Ng3 cxd4 17. Nxd4 Rxc1 18. Qxc1 Qxd4 19. Nh5 Rc8 20. Qe3 Qxe3
21. fxe3 Bxe5 22. Rf1 Bb5 23. Rf3 Be2 24. Rg3+ Bxg3 25. Nxg3 Rc2 26. Nxe2 Rxe2
27. Kf1 Rxa2 28. h4 Kg7 29. Kg1 Kf6 30. Kh2 Kf5 31. Kg3 Ke4 32. Kg4 Rxg2+ 33.
Kh3 Re2 34. Kg4 Rxe3 35. Kh5 d4 36. b4 d3 37. b5 axb5 38. Kg4 d2 39. Kh5 d1=Q+
0-1

[Event "30th NATO Chess Championship"]
[Site "Berlin"]
[Date "2019.09.18"]
[Round "4.1"]
[White "Mouroutis, Konstantinos"]
[Black "Binder, Tamas"]
[Result "1/2-1/2"]
[WhiteElo "2181"]
[BlackElo "2261"]
[PlyCount "41"]
[EventDate "2019.09.16"]
[EventType "team-tourn"]
[EventRounds "7"]
[EventCountry "GER"]

1. d4 d5 2. Bf4 c5 3. e3 e6 4. c3 Nf6 5. Nd2 Nc6 6. Bd3 Bd6 7. Bxd6 Qxd6 8.
Ngf3 O-O 9. O-O e5 10. dxe5 Nxe5 11. Nxe5 Qxe5 12. Nf3 Qc7 13. h3 b6 14. Qa4
Bd7 15. Qh4 Bc6 16. Rad1 Rfe8 17. Rfe1 Rad8 18. Nh2 h6 19. Ng4 Nxg4 20. Qxg4
Qd7 21. Qxd7 1/2-1/2

[Event "30th NATO Chess Championship"]
[Site "Berlin"]
[Date "2019.09.18"]
[Round "4.2"]
[White "Papasimakopoulos, Alexandros"]
[Black "Watters, Chase Miles"]
[Result "1-0"]
[WhiteElo "2218"]
[BlackElo "2179"]
[PlyCount "119"]
[EventDate "2019.09.16"]
[EventType "team-tourn"]
[EventRounds "7"]
[EventCountry "GER"]

1. d4 d5 2. c4 dxc4 3. Nf3 c6 4. e3 Be6 5. a4 Nf6 6. Na3 Nbd7 7. Nxc4 Bg4 8.
Be2 e6 9. O-O Be7 10. Bd2 O-O 11. b4 a6 12. Qb3 b5 13. Na5 Qb6 14. h3 Bxf3 15.
Bxf3 Rac8 16. Rac1 Nb8 17. Rc2 Nd5 18. axb5 Qxb5 19. Rb1 Bd6 20. Be1 Bc7 21.
Be2 Qb6 22. Qa4 Rfd8 23. Rbc1 Ne7 24. Bf3 Bd6 25. Bxc6 g6 26. Bf3 Rxc2 27. Rxc2
Qb5 28. Qxb5 axb5 29. Be2 Na6 30. Nb7 Rd7 31. Nxd6 Rxd6 32. Bxb5 Nd5 33. Rb2
Rb6 34. Bf1 Nb8 35. b5 Rb7 36. e4 Nb6 37. f3 N8d7 38. Bg3 f5 39. Ra2 Kf7 40.
Bd6 Nc8 41. Bf4 Na7 42. Ra5 Nb6 43. Bd3 Nac8 44. Kf2 Rd7 45. Ke3 Ke7 46. Ra6
Rb7 47. g4 fxe4 48. fxe4 Nd6 49. Bxd6+ Kxd6 50. e5+ Ke7 51. Be4 Nd5+ 52. Bxd5
exd5 53. Ra5 h6 54. Kd3 Kd7 55. b6 Rxb6 56. Rxd5+ Ke7 57. Ke4 Rb3 58. Rd6 Kf7
59. Rf6+ Kg7 60. Rf3 1-0

[Event "30th NATO Chess Championship"]
[Site "Berlin"]
[Date "2019.09.18"]
[Round "4.3"]
[White "Wang, Eigen"]
[Black "Graczyk, Damian"]
[Result "1/2-1/2"]
[WhiteElo "2193"]
[BlackElo "2133"]
[PlyCount "150"]
[EventDate "2019.09.16"]
[EventType "team-tourn"]
[EventRounds "7"]
[EventCountry "GER"]

1. e4 c6 2. d4 d5 3. f3 g6 4. Nc3 Bg7 5. Be3 e6 6. Qd2 b6 7. Nh3 Ba6 8. Bxa6
Nxa6 9. Nf2 Nf6 10. Rd1 Nc7 11. O-O O-O 12. Bg5 Qc8 13. e5 Nd7 14. Bh6 f5 15.
exf6 Rxf6 16. Bxg7 Kxg7 17. Ng4 Rf5 18. Ne2 Qf8 19. Ng3 Rf7 20. Rc1 Qd6 21. c4
Ne8 22. Qe3 Nef6 23. Ne5 Re7 24. cxd5 Nxd5 25. Qg5 Nxe5 26. dxe5 Qd7 27. Nh5+
Kh8 28. Nf6 Qb7 29. Ne4 Rf8 30. Nd6 Qd7 31. Rc4 c5 32. Rh4 Kg8 33. Rd1 Rg7 34.
a3 Qe7 35. Qxe7 Rxe7 36. b4 cxb4 37. axb4 Rc7 38. Ra1 Nf4 39. Ne4 Nd3 40. Nf6+
Kh8 41. f4 Nxb4 42. f5 Nd3 43. fxg6 Nxe5 44. Rxh7+ Rxh7 45. Nxh7 Ra8 46. Rc1
Kg7 47. h4 Kxg6 48. Ng5 Nd3 49. Rc6 Nc5 50. g4 Kf6 51. Nf3 a5 52. g5+ Kf5 53.
Rxb6 Kg4 54. Nd4 Kxh4 55. Nxe6 Nxe6 56. Rxe6 Kxg5 57. Kf2 Kf5 58. Re1 a4 59.
Ra1 Ke4 60. Ke2 Kd4 61. Kd2 Kc4 62. Kc2 Kb4 63. Kb2 Rh8 64. Rg1 Rh2+ 65. Ka1
Rh3 66. Ka2 Rh2+ 67. Ka1 Rh4 68. Ka2 Rf4 69. Ka1 a3 70. Rh1 Ka4 71. Rg1 Rf3 72.
Rh1 Kb3 73. Rg1 Rh3 74. Rf1 Rg3 75. Rh1 Rf3 1/2-1/2

[Event "30th NATO Chess Championship"]
[Site "Berlin"]
[Date "2019.09.18"]
[Round "4.4"]
[White "Pavlidis, Anastasios"]
[Black "Tommasini, Enzo"]
[Result "1-0"]
[WhiteElo "2338"]
[BlackElo "2147"]
[PlyCount "61"]
[EventDate "2019.09.16"]
[EventType "team-tourn"]
[EventRounds "7"]
[EventCountry "GER"]

1. d4 e6 2. c4 f5 3. Nf3 Nf6 4. Nc3 Bb4 5. Qb3 a5 6. a3 a4 7. Qc2 Bxc3+ 8. Qxc3
Ne4 9. Qc2 b6 10. g3 c5 11. Bg2 Ra7 12. O-O d6 13. Nd2 Nxd2 14. Qxd2 Bb7 15.
Bxb7 Rxb7 16. Rd1 Qe7 17. dxc5 dxc5 18. Qc2 Ra7 19. Bf4 Nc6 20. e3 Kf7 21. Bd6
Qf6 22. b4 cxb4 23. axb4 a3 24. b5 Rd8 25. Rxa3 Rxa3 26. Bxa3 Rxd1+ 27. Qxd1
Na5 28. Qd3 Qa1+ 29. Kg2 Nxc4 30. Qd7+ Kf6 31. Qe7+ 1-0

[Event "30th NATO Chess Championship"]
[Site "Berlin"]
[Date "2019.09.18"]
[Round "4.5"]
[White "Kersic, Matej"]
[Black "Pietruszewski, Marcin"]
[Result "1-0"]
[WhiteElo "2122"]
[BlackElo "2215"]
[PlyCount "39"]
[EventDate "2019.09.16"]
[EventType "team-tourn"]
[EventRounds "7"]
[EventCountry "GER"]

1. e4 c5 2. Nf3 e6 3. c4 Nc6 4. Nc3 e5 5. d3 d6 6. Be2 Be6 7. O-O g6 8. Ng5 h6
9. Nxe6 fxe6 10. f4 exf4 11. Bxf4 a6 12. Bg4 Qe7 13. Qf3 Bg7 14. Qh3 Nd4 15.
Qg3 Rd8 16. e5 dxe5 17. Bxe5 Nf6 18. Bxf6 Bxf6 19. Bxe6 Qxe6 20. Rae1 1-0

[Event "30th NATO Chess Championship"]
[Site "Berlin"]
[Date "2019.09.18"]
[Round "4.6"]
[White "Sycz, Dariusz"]
[Black "Onley, David"]
[Result "0-1"]
[WhiteElo "2215"]
[BlackElo "2103"]
[PlyCount "90"]
[EventDate "2019.09.16"]
[EventType "team-tourn"]
[EventRounds "7"]
[EventCountry "GER"]

1. d4 Nf6 2. c4 g6 3. Nc3 Bg7 4. e4 d6 5. f3 O-O 6. Nge2 e5 7. Be3 c6 8. d5
cxd5 9. cxd5 a6 10. a4 a5 11. Nc1 Nh5 12. Nd3 f5 13. Qd2 Na6 14. Bg5 Bf6 15.
Bh6 Rf7 16. O-O-O f4 17. Kb1 Kh8 18. Be2 Qb6 19. g4 fxg3 20. Be3 Qd8 21. Rdg1
g2 22. Rxg2 Nb4 23. Rgg1 Bg7 24. Nb5 Nxd3 25. Bxd3 Nf4 26. h4 Qf8 27. Bc2 Bd7
28. Nc7 Rc8 29. Ne6 Nxe6 30. dxe6 Bxe6 31. h5 gxh5 32. Bd1 Rfc7 33. Rxh5 Bg8
34. Rhg5 Qf7 35. b3 Qf6 36. Qg2 d5 37. Bd2 b6 38. Rf5 Qe7 39. Kb2 Qc5 40. Rg5
Qd4+ 41. Kb1 Qd3+ 42. Ka1 Rc1+ 43. Bxc1 Rxc1+ 44. Ka2 Qb1+ 45. Ka3 Bf8+ 0-1

[Event "30th NATO Chess Championship"]
[Site "Berlin"]
[Date "2019.09.18"]
[Round "4.7"]
[White "Kedzierski, Slawomir"]
[Black "Werksma, Arie"]
[Result "1/2-1/2"]
[WhiteElo "2163"]
[BlackElo "2197"]
[PlyCount "51"]
[EventDate "2019.09.16"]
[EventType "team-tourn"]
[EventRounds "7"]
[EventCountry "GER"]

1. d4 Nf6 2. c4 e6 3. Nf3 b6 4. g3 Bb7 5. Bg2 Bb4+ 6. Nbd2 O-O 7. O-O d5 8. Ne5
Bd6 9. Ndf3 dxc4 10. Nxc4 Nbd7 11. b3 Qb8 12. Bb2 Rd8 13. Rc1 Bd5 14. Qc2 Be4
15. Qd1 Bd5 16. Qc2 Be4 17. Qd2 Bf8 18. Qe3 Qb7 19. Ncd2 Bd5 20. Qd3 Rac8 21.
Rfd1 Be7 22. Qb1 Ne4 23. Nc4 Nef6 24. Ncd2 Ne4 25. Nc4 Nef6 26. Ncd2 1/2-1/2

[Event "30th NATO Chess Championship"]
[Site "Berlin"]
[Date "2019.09.18"]
[Round "4.8"]
[White "Violini, Paolo"]
[Black "Everett, Elijah"]
[Result "0-1"]
[WhiteElo "1963"]
[BlackElo "2187"]
[PlyCount "94"]
[EventDate "2019.09.16"]
[EventType "team-tourn"]
[EventRounds "7"]
[EventCountry "GER"]

1. d4 Nf6 2. Nf3 g6 3. g3 Bg7 4. Bg2 O-O 5. O-O d6 6. b3 e5 7. dxe5 dxe5 8.
Qxd8 Rxd8 9. Bb2 e4 10. Nfd2 e3 11. fxe3 Ng4 12. Bxg7 Kxg7 13. Nc4 Nc6 14. Nc3
Be6 15. Bf3 Bxc4 16. Bxg4 Ba6 17. Rfd1 Nb4 18. Rac1 Rxd1+ 19. Rxd1 Nxc2 20. Rd7
Nxe3 21. Be6 Kf6 22. Bxf7 Rf8 23. Nd5+ Nxd5 24. Bxd5 c6 25. Bf3 Rf7 26. Rxf7+
Kxf7 27. Kf2 Kf6 28. Ke3 Ke5 29. h4 c5 30. Kd2 Kd4 31. e3+ Ke5 32. Kc3 b6 33.
a3 Bc8 34. e4 Bb7 35. Kd3 b5 36. Ke3 b4 37. a4 a5 38. Kd3 Ba6+ 39. Ke3 Bf1 40.
Bd1 h6 41. Bc2 c4 42. bxc4 Bxc4 43. Kd2 Kd4 44. e5 g5 45. hxg5 hxg5 46. Bb1
Kxe5 47. Ke3 Bb3 0-1

[Event "30th NATO Chess Championship"]
[Site "Berlin"]
[Date "2019.09.18"]
[Round "4.9"]
[White "Pavlidou, Ekaterini"]
[Black "Casteleijn, Diederick"]
[Result "1/2-1/2"]
[WhiteElo "2178"]
[BlackElo "2079"]
[PlyCount "40"]
[EventDate "2019.09.16"]
[EventType "team-tourn"]
[EventRounds "7"]
[EventCountry "GER"]

1. d4 Nf6 2. c4 g6 3. Nc3 Bg7 4. e4 O-O 5. Bd3 d6 6. Nge2 c5 7. d5 e6 8. dxe6
fxe6 9. O-O Nc6 10. h3 Qe7 11. Ng3 b6 12. Be3 Nd4 13. Nce2 Nxe2+ 14. Qxe2 Bb7
15. Rae1 Rae8 16. Bg5 h6 17. Bc1 Nd7 18. Bc2 Qh4 19. Rd1 Be5 20. Nh1 Re7
1/2-1/2

[Event "30th NATO Chess Championship"]
[Site "Berlin"]
[Date "2019.09.18"]
[Round "4.10"]
[White "Helbig, Mark"]
[Black "Kende, Gyorgy"]
[Result "1/2-1/2"]
[WhiteElo "2332"]
[BlackElo "2036"]
[PlyCount "64"]
[EventDate "2019.09.16"]
[EventType "team-tourn"]
[EventRounds "7"]
[EventCountry "GER"]

1. c4 e5 2. Nc3 Nf6 3. g3 Bb4 4. Bg2 O-O 5. e3 Re8 6. Nge2 Nc6 7. a3 Bf8 8. d3
d6 9. b4 a5 10. b5 Ne7 11. O-O d5 12. cxd5 Nexd5 13. Bb2 c6 14. bxc6 bxc6 15.
Qc2 Ba6 16. Na4 Rc8 17. Rfd1 c5 18. Rac1 h5 19. Nec3 Nb4 20. axb4 cxb4 21. Qd2
bxc3 22. Bxc3 Bb4 23. Bxb4 Rxc1 24. Rxc1 axb4 25. Nc5 Qa5 26. d4 exd4 27. exd4
Re2 28. Qd1 Bb5 29. d5 Qa2 30. Qd4 b3 31. Nxb3 Qxb3 32. h3 Qb2 1/2-1/2

[Event "30th NATO Chess Championship"]
[Site "Berlin"]
[Date "2019.09.18"]
[Round "4.11"]
[White "Pedersen, Finn"]
[Black "Nikomanis, Andreas"]
[Result "1-0"]
[WhiteElo "2305"]
[BlackElo "2053"]
[PlyCount "87"]
[EventDate "2019.09.16"]
[EventType "team-tourn"]
[EventRounds "7"]
[EventCountry "GER"]

1. Nf3 Nf6 2. c4 g6 3. d4 Bg7 4. Nc3 O-O 5. e3 d6 6. Be2 Nbd7 7. O-O e5 8. dxe5
dxe5 9. b3 Re8 10. Ba3 b6 11. Qc2 Bb7 12. Rfd1 a6 13. Rac1 e4 14. Nd2 c5 15.
Nf1 Qe7 16. Bb2 Rad8 17. Na4 Qe6 18. Rd2 Bc6 19. Rcd1 Rc8 20. Rd6 Qe7 21. Qd2
b5 22. cxb5 axb5 23. Nc3 Ne5 24. Bxb5 Bxb5 25. Nxb5 Nd3 26. a4 Rb8 27. h3 Rxb5
28. Rxd3 Rb4 29. Bxf6 Bxf6 30. Rd7 Qe5 31. Rd5 Qe7 32. Qc2 Qe6 33. Rd6 Qe5 34.
R1d5 Qa1 35. Rxc5 Be7 36. Rc8 Rxc8 37. Qxc8+ Kg7 38. Rd7 Qf6 39. Rb7 Bf8 40.
Rxb4 Bxb4 41. Qc4 Bc3 42. Qxe4 Qb6 43. Qc4 Qa5 44. e4 1-0

[Event "30th NATO Chess Championship"]
[Site "Berlin"]
[Date "2019.09.18"]
[Round "4.12"]
[White "Sypien, Mateusz"]
[Black "Parker, Glen"]
[Result "1-0"]
[WhiteElo "2243"]
[BlackElo "2014"]
[PlyCount "93"]
[EventDate "2019.09.16"]
[EventType "team-tourn"]
[EventRounds "7"]
[EventCountry "GER"]

1. e4 e5 2. Nf3 Nc6 3. d4 exd4 4. Bc4 Bc5 5. c3 dxc3 6. Bxf7+ Kf8 7. Bb3 d6 8.
Nxc3 Bg4 9. h3 Bxf3 10. Qxf3+ Qf6 11. Qg3 Nd4 12. O-O Nxb3 13. axb3 Ne7 14. Be3
Bd4 15. Bxd4 Qxd4 16. Rfd1 Qb4 17. e5 Rd8 18. exd6 Rxd6 19. Rxd6 Qxd6 20. Qf3+
Qf6 21. Qxb7 Kf7 22. Qxc7 Rc8 23. Qxa7 Qe6 24. b4 Kf8 25. b5 Rc4 26. Qa8+ Qc8
27. Qf3+ Qf5 28. Qxf5+ Nxf5 29. Ra4 Rxa4 30. Nxa4 Ke7 31. Kf1 Kd6 32. Ke1 Nh4
33. g3 Nf3+ 34. Kd1 g5 35. b6 h5 36. b7 Kc7 37. Nc5 h4 38. Ke2 Ng1+ 39. Kf1 Nf3
40. b3 Kb8 41. b4 Ka7 42. b5 Kb8 43. b6 Nd2+ 44. Kg2 Nc4 45. gxh4 gxh4 46. f4
Ne5 47. Na6+ 1-0

[Event "30th NATO Chess Championship"]
[Site "Berlin"]
[Date "2019.09.18"]
[Round "4.13"]
[White "Fichtner, Ewald"]
[Black "Delfino, Luigi"]
[Result "0-1"]
[WhiteElo "2046"]
[BlackElo "2235"]
[PlyCount "88"]
[EventDate "2019.09.16"]
[EventType "team-tourn"]
[EventRounds "7"]
[EventCountry "GER"]

1. d4 d6 2. Nc3 g6 3. e4 Nf6 4. Bf4 a6 5. Qd2 b5 6. a3 Bg7 7. Bh6 O-O 8. Bxg7
Kxg7 9. O-O-O Nc6 10. d5 Na5 11. h4 h5 12. f3 Rb8 13. Na2 c6 14. g4 cxd5 15.
gxh5 Nxh5 16. exd5 Qc7 17. Kb1 Qb6 18. Nh3 Nc4 19. Bxc4 bxc4 20. Qc3+ Kg8 21.
Ng5 a5 22. Rhe1 Qb7 23. Rd4 Bf5 24. Red1 Rfc8 25. Ne4 Bxe4 26. fxe4 Rc5 27. a4
Nf6 28. Qa3 Nd7 29. Nc3 Ne5 30. Rh1 Kg7 31. Rh3 Qd7 32. Nb5 Qg4 33. Qc3 Rh8 34.
Ka2 f6 35. Rd2 Nd3 36. Rh1 Nb4+ 37. Kb1 Qxe4 38. Rhd1 Rxh4 39. Rd4 Rh1 40. R4d2
Rxd5 41. Nd4 Rxd1+ 42. Rxd1 Nc6 43. Re1 Qxd4 44. Qh3 Qd1+ 0-1

[Event "30th NATO Chess Championship"]
[Site "Berlin"]
[Date "2019.09.18"]
[Round "4.14"]
[White "Lakos, Nikoletta"]
[Black "Michalski, Daniel"]
[Result "1/2-1/2"]
[WhiteElo "2226"]
[BlackElo "2024"]
[PlyCount "44"]
[EventDate "2019.09.16"]
[EventType "team-tourn"]
[EventRounds "7"]
[EventCountry "GER"]

1. e4 e6 2. d4 d5 3. Nd2 Nf6 4. e5 Nfd7 5. c3 c5 6. Bd3 Nc6 7. Ne2 Qb6 8. Nf3
cxd4 9. cxd4 f6 10. exf6 Nxf6 11. O-O Bd6 12. b3 O-O 13. Bf4 Nb4 14. Bb1 Bxf4
15. Nxf4 Ne4 16. Ne2 Bd7 17. a3 Nc6 18. Bxe4 dxe4 19. Ng5 Ne7 20. Nxe4 Bc6 21.
Nc5 Rf6 22. b4 Raf8 1/2-1/2

[Event "30th NATO Chess Championship"]
[Site "Berlin"]
[Date "2019.09.18"]
[Round "4.15"]
[White "Schott, Guido"]
[Black "Wantiez, Fabrice"]
[Result "0-1"]
[WhiteElo "2043"]
[BlackElo "2225"]
[PlyCount "82"]
[EventDate "2019.09.16"]
[EventType "team-tourn"]
[EventRounds "7"]
[EventCountry "GER"]

1. Nf3 Nf6 2. b3 d6 3. d4 c5 4. e3 g6 5. Bb2 Bg7 6. Be2 O-O 7. O-O Bf5 8. Nbd2
Nc6 9. c4 Nb4 10. a3 Bc2 11. Qc1 Bd3 12. Re1 Bxe2 13. Rxe2 Nd3 14. Qc2 Nxb2 15.
Qxb2 Rc8 16. Rc1 d5 17. Ne5 cxd4 18. exd4 dxc4 19. bxc4 Qc7 20. Rb1 b6 21. Qb5
Rfd8 22. Ndf3 Ne8 23. d5 Nd6 24. Qc6 Nxc4 25. Nxc4 Qf4 26. Ne3 Rxc6 27. dxc6
Qe4 28. Rc2 Rc8 29. Rbc1 e6 30. Rc4 Qd3 31. Rd1 Qb3 32. c7 Bf6 33. g3 Kg7 34.
Kg2 b5 35. Rc5 Qxa3 36. Rxb5 Rxc7 37. h4 h5 38. Nd2 Bd4 39. Ndc4 Qa4 40. Rbb1
Rxc4 41. Nxc4 Qxc4 0-1

[Event "30th NATO Chess Championship"]
[Site "Berlin"]
[Date "2019.09.18"]
[Round "4.16"]
[White "Cirkvencic, Franci"]
[Black "Valeinis, Janis"]
[Result "0-1"]
[WhiteElo "2008"]
[BlackElo "2206"]
[PlyCount "156"]
[EventDate "2019.09.16"]
[EventType "team-tourn"]
[EventRounds "7"]
[EventCountry "GER"]

1. d4 Nf6 2. Nf3 g6 3. c4 Bg7 4. g3 O-O 5. Bg2 d6 6. Nc3 Nbd7 7. O-O e5 8. e4
exd4 9. Nxd4 Re8 10. Re1 Nc5 11. h3 Bd7 12. Rb1 h6 13. b3 a5 14. Kh2 h5 15. Bb2
h4 16. a3 hxg3+ 17. fxg3 Nh5 18. Nf3 Bc6 19. Qc2 Nd7 20. Nd5 Ne5 21. Nxe5 Bxe5
22. Bxe5 Rxe5 23. Qd2 b6 24. a4 Nf6 25. Qf4 Bxd5 26. exd5 Nd7 27. Rf1 Qe7 28.
Rb2 Nc5 29. Rf3 Re8 30. Rbf2 Rf5 31. Qg4 Rxf3 32. Qxf3 f5 33. Qd1 Qe1 34. Qd4
Qe5 35. Qd1 Qc3 36. Re2 Re3 37. Rxe3 Qxe3 38. Qa1 Qe5 39. Qc1 Kg7 40. Qg5 Qf6
41. Qe3 Qe5 42. Qg5 Qf6 43. Qe3 g5 44. Qe8 f4 45. gxf4 Qxf4+ 46. Kg1 Qf6 47.
Qc8 Qe7 48. Qf5 Qe3+ 49. Kh1 Qe1+ 50. Bf1 Qe4+ 51. Qxe4 Nxe4 52. Kg2 Nd2 53.
Bd3 Nxb3 54. Kf3 Kf6 55. Kg4 Nc5 56. Bc2 Nd7 57. Bb3 Ne5+ 58. Kg3 c6 59. dxc6
Nxc6 60. Bc2 Ne5 61. Bb3 Nd3 62. Kg4 Nf2+ 63. Kg3 Ne4+ 64. Kg4 Nd2 65. Ba2 Kg6
66. Kg3 Kf5 67. Kf2 Kf4 68. Kg2 Ne4 69. Bb1 Nd2 70. Ba2 Ne4 71. Bb1 Nf6 72. Bg6
Ke3 73. Kg3 Kd4 74. Bf7 Kc5 75. Kf3 Kb4 76. Ke3 Kxa4 77. Kd4 Kb4 78. Kd3 Nd7
0-1